|
|
|
|
| LEADER |
00869nam a2200241 a 4500 |
| 001 |
2654743 |
| 008 |
090723s1971 nyu 000 1 eng d |
| 010 |
|
|
|a 70154927
|
| 020 |
|
|
|a 0394474392
|
| 040 |
|
|
|a DLC
|c DLC
|d DLC
|
| 082 |
0 |
0 |
|a 813/.5/4
|2 18
|
| 100 |
1 |
|
|a Updike, John.
|
| 245 |
1 |
0 |
|a Rabbit redux /
|c John Updike
|
| 250 |
|
|
|a [1st ed.]
|
| 260 |
|
|
|a New York,
|b Knopf,
|c 1971.
|
| 300 |
|
|
|a 352 p.;
|c 27 cm.
|
| 541 |
1 |
|
|e 00004547
|
| 650 |
|
0 |
|a Angstrom, Harry (Fictitious character)
|x Fiction.
|
| 650 |
|
0 |
|a Middle class men
|x Fiction.
|
| 655 |
|
7 |
|a Psychological fiction.
|2 lcsh
|
| 852 |
4 |
|
|a Ayesha Abed Library
|j General Shelf.
|
| 999 |
|
|
|c 2791
|d 2791
|
| 952 |
|
|
|0 0
|1 0
|2 ddc
|4 0
|6 813_000000000000000__5_4_UPD
|7 0
|9 2563
|a BRACUL
|b BRACUL
|c GEN
|d 2009-07-23
|g 0.00
|l 1
|m 2
|o 813.54 UPD
|p 3010004547
|r 2025-06-28
|s 2025-06-18
|t 1
|w 2009-07-23
|y BK
|x No price found in the accession register.
|